00731nam a22001817a 4500003000400000020001800004082001700022100002100039245005900060260003800119300000800157650002200165653004300187942001200230952014500242952014500387999001700532SGT a9789390211555 a615.58bC24C aCHOWDARY, K.P.R. aA TEXT BOOK OF CLINICAL RESEARCH AND PHARMACOVIGILANCE aHYDERABADbPHARMA MED PRESSc2024 a268 aCLINICAL RESEARCH a CLINICAL, RESEARCH, PHARMACOVIGILANCE 2ddccBK 00102ddc40708FPaAPLbAPLcTXTd2024-09-26eAHUJA PUB.g395.00iSGTUl0o615.58 C24CpFP5004r2024-09-26 00:00:00w2024-08-13yBKk19381 00102ddc40708FPaAPLbAPLcTXTd2024-09-26eAHUJA PUB.g395.00iSGTUl0o615.58 C24CpFP5005r2024-09-26 00:00:00w2024-08-13yBKk19381 c26971d26971